10 größte Fußball Stadien in Bayern - Statistiken

Allgemein
  • Dieses Quiz wurde 61 mal gespielt
  • Das Durchschnittsergebnis liegt bei 5 aus 10
Antwortstatistiken
Kapazität Verein Stadion % Korrekt
75.021 FC Bayern München Allianz Arena
100%
50.000 1. FC Nürnberg Max-Morlock-Stadion
84%
15.200 FC Ingolstadt Audi-Sportpark
65%
30.660 FC Augsburg WWK-Arena
61%
15.210 SSV Jahn Regensburg Jahnstadion
56%
18.000 SpVgg Greuther Fürth Sportpark Ronhof
51%
28.000 FC Augsburg II Rosenaustadion
37%
15.053 SpVgg Unterhaching Sportpark Unterhaching
33%
21.500 SpVgg Bayreuth Hans-Walter-Wild-Stadion
16%
15.060 1. FC Schweinfurt 05 Sachs-Stadion
11%
Keine übereinstimmenden Quizze gefunden
Verteilung der Resultate
Anzahl Personen mit jedem Resultat
Perzentil nach korrekt beantworteten Fragen
Ihre Resultats-Entwicklung
Sie haben dieses Quiz noch nicht gespielt